Saint Mother Teresa: (Record no. 211881)

MARC details
000 -LEADER
fixed length control field 00608nam a22001817a 4500
005 - DATE AND TIME OF LATEST TRANSACTION
control field 20250617155155.0
010 ## - LCCN (DPL NO)
LC control number ENG-145425
020 ## - INTERNATIONAL STANDARD BOOK NUMBER
Terms of availability 250.00
International Standard Book Number 9789384401061
035 ## - SYSTEM CONTROL NUMBER
System control number EN-128957
037 ## - SOURCE OF ACQUISITION
Source of stock number/acquisition DBAD
082 ## - DEWEY DECIMAL CLASSIFICATION NUMBER
Classification number 921
245 ## - TITLE STATEMENT
Title Saint Mother Teresa:
Remainder of title A Biography
Statement of responsibility, etc Edited by Kaushal K. Goyal
260 ## - PUBLICATION, DISTRIBUTION, ETC. (IMPRINT)
Name of publisher, distributor, etc Pigeon Books India
Date of publication, distribution, etc 2021
270 ## - ADDRESS
City New Delhi
Address 16,Ansari Road ,Daryaganj
Postal code 110002
300 ## - PHYSICAL DESCRIPTION
Extent 158p.
Dimensions 20(pb)
942 ## - ADDED ENTRY ELEMENTS (KOHA)
Source of classification or shelving scheme Dewey Decimal Classification
Item type English Books
Classification part 921
Call number suffix SAI
Holdings
Withdrawn status Lost status Not for loan Collection code Home library Current library Date acquired Source of acquisition Cost, normal purchase price Full call number Barcode Copy number Cost, replacement price Koha item type
      Non-fiction Sarojini Nagar Sarojini Nagar 17/06/2025 DBAD 250.00 921 SAI EN-128957 1 250.00 English Books

© Delhi Public Library
Hit Counter
free hit counter